Исполнительные размеры гладких калибров: справочник

Библиографические подробности
Главный автор: Храмцов Н. Г.
Другие авторы: Лябин В. П. (редактор), Бойцов А. Н.
Язык:русский
Опубликовано: Москва, Машгиз, 1953
Предметы:
Формат: Книга
Запись в KOHA:https://koha.lib.tpu.ru/cgi-bin/koha/opac-detail.pl?biblionumber=319139

MARC

LEADER 00000nam0a2200000 4500
001 319139
005 20231102003141.0
035 |a (RuTPU)RU\TPU\book\344644 
090 |a 319139 
100 |a 20160520d1953 km y0rusy50 ca 
101 0 |a rus 
102 |a RU 
105 |a a g 000zy 
200 1 |a Исполнительные размеры гладких калибров  |e справочник  |f Н. Г. Храмцов, В. П. Лябин 
210 |a Москва  |a Ленинград  |c Машгиз  |d 1953 
215 |a 352 с.  |c ил. 
606 1 |a Калибры гладкие  |x Расчет  |2 stltpush  |3 (RuTPU)RU\TPU\subj\13501  |9 40099 
610 1 |a исполнительные размеры 
610 1 |a контркалибры 
610 1 |a таблицы 
610 1 |a валы 
610 1 |a отверстия 
610 1 |a глубина 
610 1 |a высота 
610 1 |a восстановление 
610 1 |a ремонт 
610 1 |a справочники 
675 |a 621.753.3(035)  |v 4 
700 1 |a Храмцов  |b Н. Г. 
701 1 |a Лябин  |b В. П. 
702 1 |a Бойцов  |b А. Н.  |4 340 
801 1 |a RU  |b 63413507  |c 20160520 
801 2 |a RU  |b 63413507  |c 20160606  |g RCR 
942 |c BK